Statistics for Religion General Knowledge #5

Click here to take the quiz!

General Stats

  • This quiz has been taken 10,185 times
  • The average score is 14 of 20

Answer Stats

Question Answer % Correct
What religious symbol is depicted on the flag of Israel?Star of {David}
94%
In Chinese philosophy, what is the opposite of "Yang"?Yin
93%
What country has the most Orthodox Christians?Russia
88%
What is the name for the belief that, after death, a person starts a life in a new body?Reincarnation
86%
What Indian religious principle can be roughly defined as "what goes around comes around"?Karma
85%
What country has the most Shia muslims?Iran
84%
What is the term for a person who has been canonized?a Saint
75%
What Islamic religious symbol can be found on the flags of 19 different countries,
including Turkey and Malaysia?
Crescent
73%
According to 2014 Gallup poll, what country has the highest percentage of people
who don't consider themselves religious (90%)?
China
69%
What is the name for a form of government based on religion?{Theo}cracy
69%
What American religious group is famous for eschewing modern technology?The Amish
68%
Who was the Greek goddess of wisdom?Athena
67%
What are Seraphim and Cherubim?Angels
66%
What is the Asian country with the largest Christian population?Philippines
62%
Who was the first patriarch of the Jewish religion?Abraham
61%
What title was given to the supreme Islamic leaders who succeeded Mohammed?
(Hint: starts with C)
Caliph
55%
Who called religion "the opium of the people"?Karl Marx
49%
The Chinese government recongizes five religions: Buddhism, Catholicism,
Islam, Protestantism, and ... ?
Taoism
43%
According to Jewish folklore, who had a first wife named Lilith?Adam
41%
What hallucinogen desert plant do some Native Americans consume for religious purposes?Peyote
33%

Score Distribution

Percentile by Number Answered

Percent of People with Each Score

Your Score History

You have not taken this quiz